<?xml version="1.0" encoding="utf-8"?>
<?xml-stylesheet type='text/xsl' href='./oai2.xsl'?>
<OAI-PMH xmlns="http://www.openarchives.org/OAI/2.0/" xmlns:xsi="http://www.w3.org/2001/XMLSchema-instance" xsi:schemaLocation="http://www.openarchives.org/OAI/2.0/ http://www.openarchives.org/OAI/2.0/OAI-PMH.xsd">
  <responseDate>2026-06-06T17:25:43Z</responseDate>
  <request verb="GetRecord" metadataPrefix="marcxml" identifier="record_kuniweb_1370082">https://kulturerbe.niedersachsen.de/oai</request>
  <GetRecord>
    <record>
      <header>
        <identifier>record_kuniweb_1370082</identifier>
        <datestamp>2026-03-31T19:09:18Z</datestamp>
        <setSpec>slg0186</setSpec>
      </header>
      <metadata>
        <marc:record xmlns:marc="http://www.loc.gov/MARC21/slim" xsi:schemaLocation="http://www.loc.gov/MARC21/slim http://www.loc.gov/standards/marcxml/schema/MARC21slim.xsd">
          <marc:leader>12345nrm  22     uu 4500</marc:leader>
          <marc:controlfield tag="001">1370082</marc:controlfield>
          <marc:controlfield tag="003">http://kuniweb.gbv.de</marc:controlfield>
          <marc:controlfield tag="005">2024-07-16T16:10:32</marc:controlfield>
          <marc:controlfield tag="008">|           ||||||||||||||||||||||</marc:controlfield>
          <marc:datafield tag="245" ind1="1" ind2="0">
            <marc:subfield code="a">Schnupftabaksdose: Ein Mädchen unterrichtet einen Papagei</marc:subfield>
          </marc:datafield>
          <marc:datafield tag="655" ind1=" " ind2="7">
            <marc:subfield code="a">Kunsthandwerk</marc:subfield>
          </marc:datafield>
          <marc:datafield tag="046" ind1=" " ind2=" ">
            <marc:subfield code="k">1825</marc:subfield>
            <marc:subfield code="k">um 1825 - 1850 (2. Viertel 19. Jahrhundert)</marc:subfield>
            <marc:subfield code="l">1850</marc:subfield>
          </marc:datafield>
          <marc:datafield tag="260" ind1=" " ind2=" ">
            <marc:subfield code="g">1825</marc:subfield>
            <marc:subfield code="g">1850</marc:subfield>
            <marc:subfield code="g">um 1825 - 1850 (2. Viertel 19. Jahrhundert)</marc:subfield>
          </marc:datafield>
          <marc:datafield tag="300" ind1=" " ind2=" ">
            <marc:subfield code="a">Höhe: 2,75 cm (Gesamthöhe)
Breite: 9,3 cm
Tiefe: 6,45 cm</marc:subfield>
          </marc:datafield>
          <marc:datafield tag="520" ind1=" " ind2=" ">
            <marc:subfield code="a">Die Dose aus Papiermaché ist querrechteckig und flach, die Wandung gerade. Sie ist außen schwarz, im Innern dunkelbraun  bemalt. Auf dem leicht überstehenden Deckel befindet sich eine Minitaturmalerei mit einer Genreszene: 
Vor einer steinernen Brüstung steht ein Mädchen mit dunkelbraunen, langen Haaren. Es ist als Hüftbild gegeben und trägt ein schwarzes Oberteil mit weißen Kanten, dazu einen gelbgoldenen Rock. Es blickt mit schräg gelegtem Kopf einen links vor ihm auf einer Vogelstange mit Futterfach stehenden grün-rot gefiederten Papagei an. In der rechten Hand hält es warnend eine Rute, in der linken ein aufgeschlagenes Buch dem Tier entgegen.
Jenseits der Brüstung fällt der Blick auf die Kronen tiefer stehender Bäume, dahinter bläulicher Himmel.
Deckel und Dosenunterteil sind über ein Scharnier verbunden. (Städtisches Museum Braunschweig)

Aufkleber/Etikett:
"St. // 130" (in Blau auf unregelmäßig geschnittenem weißem Papier, sowohl im Deckel als auch im Boden)

Aufkleber/Etikett:
"St. 130" (in Blau auf querrechteckigem gezacktem weißem Papier mit blauem Rand, unter dem Boden)</marc:subfield>
          </marc:datafield>
          <marc:datafield tag="650" ind1="1" ind2=" ">
            <marc:subfield code="a">Behältnis, Hülle &gt; Behältnis &gt; Dose</marc:subfield>
          </marc:datafield>
          <marc:datafield tag="650" ind1="1" ind2=" ">
            <marc:subfield code="a">Behältnis, Hülle</marc:subfield>
          </marc:datafield>
          <marc:datafield tag="650" ind1="1" ind2=" ">
            <marc:subfield code="a">Gebrauchsgegenstand</marc:subfield>
          </marc:datafield>
          <marc:datafield tag="650" ind1="1" ind2=" ">
            <marc:subfield code="a">Schnupftabak</marc:subfield>
          </marc:datafield>
          <marc:datafield tag="773" ind1="0" ind2=" ">
            <marc:subfield code="t">Sammlung Kunstgewerbe</marc:subfield>
          </marc:datafield>
          <marc:datafield tag="852" ind1=" " ind2=" ">
            <marc:subfield code="a">Städtisches Museum Braunschweig</marc:subfield>
          </marc:datafield>
          <marc:datafield tag="852" ind1=" " ind2=" ">
            <marc:subfield code="a">Braunschweig</marc:subfield>
          </marc:datafield>
          <marc:datafield tag="" ind1=" " ind2=" ">
            <marc:subfield code="a">Namensnennung - Nicht kommerziell - Keine Bearbeitungen 4.0 International (CC BY-NC-ND 4.0)</marc:subfield>
          </marc:datafield>
        </marc:record>
      </metadata>
    </record>
  </GetRecord>
</OAI-PMH>
